000 00876nas a2200265Ia 4500
001 A05/R053-51664
003 IT-MiCISF
008 161014c99999999xx |||||||||||| ||und||
040 _aIT-MiCISF
_cIT-MiCISF
041 _aITALIANO
100 _aGriffini Marco
210 _aLemà sabactàni?
222 _aLemà sabactàni?
245 0 _aMosè: un'adozione per la salvezza
250 _a1a ed.
260 _c2011
501 _bCISF - Centro Internazionale Studi Famiglia - Via Giotto, 36 20145 MILANO (non commercial uses only)
_cCopyright 2016
300 _app. 11-86
362 _an. 8, dicembre [2011]
500 _aRiccardi C., Chiminazzo P., Gozzini M., Monti S., Cozzi A., Chiodi M. Tema: adozione, bibbia, adozione-internazionale, teologia
650 _aADOZIONE, AFFIDO
_vdossier
700 _aAA.VV.
942 _cCR
957 _71
999 _a51664
_bSi
_g1
_c246572
_d246572